Genealogies of Nagaland's 'tribal democracy' (Record no. 506389)

000 -LEADER
fixed length control field 00504nam a2200169Ia 4500
008 - FIXED-LENGTH DATA ELEMENTS--GENERAL INFORMATION
fixed length control field 181130s2018 xx 000 0 und d
100 ## - MAIN ENTRY--PERSONAL NAME
Personal name Wouters, Jelle J.P.
245 ## - TITLE STATEMENT
Title Genealogies of Nagaland's 'tribal democracy'
260 ## - PUBLICATION, DISTRIBUTION, ETC.
Date of publication, distribution, etc. 2018
300 ## - PHYSICAL DESCRIPTION
Extent p.41-47.
504 ## - BIBLIOGRAPHY, ETC. NOTE
-- 16-Jun
650 ## - SUBJECT ADDED ENTRY--TOPICAL TERM
Topical term or geographic name entry element Democracy
650 ## - SUBJECT ADDED ENTRY--TOPICAL TERM
Topical term or geographic name entry element Government and Politics - Nagaland
650 ## - SUBJECT ADDED ENTRY--TOPICAL TERM
Topical term or geographic name entry element Tribes and tribal system - Nagaland
773 ## - HOST ITEM ENTRY
Main entry heading Economic and Political Weekly
906 ## - LOCAL DATA ELEMENT F, LDF (RLIN)
a Tribes and tribal system - Nagaland
Holdings
Withdrawn status Lost status Damaged status Not for loan Permanent Location Current Location Date acquired Serial Enumeration / chronology Barcode Date last seen Price effective from Koha item type
        Indian Institute of Public Administration Indian Institute of Public Administration 2018-12-07 53(24), 16-Jun, 2018: p.41-47. AR118184 2018-12-07 2018-12-07 Articles

Powered by Koha